Fact and fantasy in Freudian theory /

Bibliographic Details
Main Author: Kline, Paul
Format: Book
Language:English
Published: London ; New York : Methuen, 1981.
Edition:2nd ed.
Subjects:

MARC

Tag First Indicator Second Indicator Subfields
LEADER 00000cam a2200000 a 4500
001 in00000050978
005 20151007080102.0
008 820422s1981 enk b 00110 eng
010 |a  81194715  
015 |a GB*** 
020 |a 0416726402 :  |c $47.50 (U.S.) 
035 |a (OCoLC)08130405 
035 |9 AAF4240AM 
039 0 |a 2  |b 3  |c 3  |d 3  |e 3 
040 |a DLC  |c DLC  |d TXA  |d UtOrBLW 
049 |a TXAM  |c [1407035] 
050 0 0 |a RC504  |b .K56 1981 
082 0 |a 150.19/52  |2 19 
100 1 |a Kline, Paul. 
245 1 0 |a Fact and fantasy in Freudian theory /  |c Paul Kline. 
250 |a 2nd ed. 
264 1 |a London ;  |a New York :  |b Methuen,  |c 1981. 
300 |a xi, 510 pages ;  |c 25 cm. 
336 |a text  |b txt  |2 rdacontent 
337 |a unmediated  |b n  |2 rdamedia 
338 |a volume  |b nc  |2 rdacarrier 
500 |a Includes indexes. 
504 |a Bibliography: pages 448-493. 
600 1 0 |a Freud, Sigmund,  |d 1856-1939. 
650 0 |a Psychoanalysis. 
999 |a MARS 
999 f f |s b847efd3-a6d9-323c-b051-6947ad279a32  |i a1e306ad-10b1-3f0e-a0fb-99ce8f11659d  |t 0 
952 f f |p ric  |a Texas A&M University  |b Rellis Campus  |c Joint Library Facility  |s JLF  |d Remote Storage  |t 0  |e RC504 .K56 1981  |h Library of Congress classification  |i unmediated -- volume  |m A14805945472 
998 f f |a RC504 .K56 1981  |t 0  |l Remote Storage